header

The craft of research (Record no. 527)

MARC details
000 -LEADER
fixed length control field 01416nam a2200373Ia 4500
100 1# - MAIN ENTRY--AUTHOR NAME
Personal name Booth, Wayne C.
245 14 - TITLE STATEMENT
Title The craft of research
250 ## - EDITION STATEMENT
Edition statement 3rd ed.
260 ## - PUBLICATION, DISTRIBUTION, ETC. (IMPRINT)
Place of publication Chicago :
Name of publisher University of Chicago Press,
Year of publication c2008.
300 ## - PHYSICAL DESCRIPTION
Number of Pages xvii, 317 p. :
Other physical details ill.
490 1# - SERIES STATEMENT
Series statement Chicago guides to writing, editing, and publishing
650 #0 - SUBJECT ADDED ENTRY--TOPICAL TERM
Topical Term Research
Topical Term Technical writing.
700 1# - ADDED ENTRY--PERSONAL NAME
Personal name Colomb, Gregory G.
Personal name Williams, Joseph M.
856 40 - ELECTRONIC LOCATION AND ACCESS
Uniform Resource Identifier http://site.ebrary.com/lib/rucke/Doc?id=10288700

No items available.

© 2026 Rongo University
Contact us: librarian | system librarian | Rongo university